Ideas for development /
Enregistré dans:
| Auteur principal: | |
|---|---|
| Format: | Livre |
| Langue: | anglais |
| Publié: |
London ; Sterling, VA :
Earthscan,
2005.
|
| Sujets: | |
| Accès en ligne: | Table of contents Contributor biographical information |
| Tags: |
Ajouter un tag
Pas de tags, Soyez le premier à ajouter un tag!
|
MARC
| LEADER | 00000cam a22000004a 4500 | ||
|---|---|---|---|
| 001 | 13866126 | ||
| 003 | MU | ||
| 005 | 20220519090438.0 | ||
| 008 | 050209s2005 enka b 001 0 eng | ||
| 010 | |a 2005003304 | ||
| 020 | |a 9781844070886 | ||
| 020 | |a 1844070883 (pbk.) | ||
| 035 | |a (OCoLC)ocm57641361 | ||
| 040 | |a Mzumbe |c MU | ||
| 042 | |a pcc | ||
| 050 | 0 | 0 | |a HD75 |b .C4536 2005 |
| 082 | 0 | 0 | |a 338.9 CHA |2 22 |
| 100 | 1 | |a Chambers, Robert, |d 1932- | |
| 245 | 1 | 0 | |a Ideas for development / |c Robert Chambers. |
| 260 | |a London ; |a Sterling, VA : |b Earthscan, |c 2005. | ||
| 300 | |a xxviii, 268 p. : |b ill. ; |c 24 cm. | ||
| 504 | |a Includes bibliographical references (p. [252]-268) and index. | ||
| 505 | 0 | |a Words and ideas : commitment, continuity and irreversibility -- Aid and administrative capacity -- Procedures, principles and power -- Participation : review, reflections and future -- PRA, participation and going to scale -- Behaviour, attitudes and beyond -- For the future. | |
| 650 | 0 | |a Economic development. | |
| 650 | 0 | |a Sustainable development. | |
| 650 | 0 | |a Rural development. |2 Economic development. |v Sustainable development | |
| 856 | 4 | 1 | |3 Table of contents |u http://www.loc.gov/catdir/toc/ecip057/2005003304.html |
| 856 | 4 | 2 | |3 Contributor biographical information |u http://www.loc.gov/catdir/enhancements/fy1111/2005003304-b.html |
| 906 | |a 7 |b cbc |c orignew |d 1 |e ecip |f 20 |g y-gencatlg | ||
| 942 | |2 ddc |c BK |n 0 | ||
| 999 | |c 29 |d 29 | ||